00487nam a22001457a 4500008004100000020001800041050002100059100002600080245007700106250001200183260003600195300006900231650002700300700001400327170127b xxu||||| |||| 00| 0 eng d a9780538735609 aGE 105 .M94 2014 aMyers, Norman.d2014. aEnvironmental Issues and Solutions.bA modular Approach.cNorman, Myers. a1st ed, aCanada:bYolanda Cossio,c2014. axxiv,509p. :ill.bincludes bibliographical references and index. aEnvironmental Science. aSpoolman.